Quick Pick: Hall of Fame Cities Quiz Stats

Quiz Updated Sep 16, 2016

Challenge
Share
Tweet
Embed
Score 0/10 Timer 01:00
0 Plays Today
% Correct
Nashville, Tennessee
93.2%
Las Vegas, Nevada
89.7%
Toronto, Ontario
88.6%
Cleveland, Ohio
84.5%
Titusville, Florida
83.2%
Cooperstown, New York
82.7%
Canton, Ohio
76.4%
Talladega, Alabama
75%
Springfield, Massachusetts
65%
Charlotte, North Carolina
52%

Today's Daily Dose

Word Ladder
'90s Movies

Quick Pick
'Fire' Movies

On This Day
June 19th II

You're not logged in!

Compare scores with friends on all Sporcle quizzes.
Join for Free
OR
Log In

You Might Also Like...

Show Comments

Extras

Top Quizzes Today


Score Distribution

Your Account Isn't Verified!

In order to create a playlist on Sporcle, you need to verify the email address you used during registration. Go to your Sporcle Settings to finish the process.

Report this User

Report this user for behavior that violates our Community Guidelines.

Details: